Nghiên cứu văn học = Tạp chí Nghiên cứu và phê bình văn học
Đã lưu trong:
| Format: | Tidsskrift |
|---|---|
| Sprog: | Vietnamese |
| Udgivet: |
Sài Gòn :
Toà soạn Nghiên cứu văn học,
1967-
|
| Tags: |
Tilføj Tag
Ingen Tags, Vær først til at tagge denne postø!
|
| Thư viện lưu trữ: | Thư viện Trường Đại học Đà Lạt |
|---|
| LEADER | 00560nam a2200217 4500 | ||
|---|---|---|---|
| 001 | DLU090065639 | ||
| 040 | # | # | |a DLU |b vie |
| 041 | # | # | |a vie |
| 245 | # | # | |a Nghiên cứu văn học = |b Tạp chí Nghiên cứu và phê bình văn học |
| 260 | # | # | |a Sài Gòn : |b Toà soạn Nghiên cứu văn học, |c 1967- |
| 300 | # | # | |a tr.; |c 21cm |
| 310 | # | # | |a Một tháng hai kỳ |
| 994 | # | # | |a DLU |
| 900 | # | # | |a True |
| 911 | # | # | |a Nguyễn Thị Minh Cầm |
| 925 | # | # | |a G |
| 926 | # | # | |a A |
| 927 | # | # | |a TT |
| 980 | # | # | |a Thư viện Trường Đại học Đà Lạt |